000 00377nam a22001457a 4500
082 _a894.812.3
_bGRA/E
100 _aGRACY
245 _aENTE PRIYAPETTA KATHAKAL
246 _aENTE PRIYAPETTA KATHAKAL
_bENTE PRIYAPETTA KATHAKAL
260 _aKOTTAYAM, INDIA
_bD C
_c2022
300 _a148
520 _aGRACY'S STORIES IN MALAYALAM
650 _aMALAYALAM STORIES
942 _cBK
999 _c8632
_d8632